A NEW COURSE IN TECHNICAL DRAWING PART ONE (Record no. 584718)

000 -LEADER
fixed length control field 00262nam a22001097a 4500
082 ## - DEWEY DECIMAL CLASSIFICATION NUMBER
Classification number 604.2 MIL'N
100 ## - MAIN ENTRY--PERSONAL NAME
Personal name MILLER, D
9 (RLIN) 79716
245 ## - TITLE STATEMENT
Title A NEW COURSE IN TECHNICAL DRAWING PART ONE
260 ## - PUBLICATION, DISTRIBUTION, ETC.
Place of publication, distribution, etc. LONDON
Name of publisher, distributor, etc. HOUSE OF GRANT
Date of publication, distribution, etc. 1958
300 ## - PHYSICAL DESCRIPTION
Extent 191P
942 ## - ADDED ENTRY ELEMENTS (KOHA)
Koha item type Book
Holdings
Withdrawn status Lost status Source of classification or shelving scheme Damaged status Not for loan Permanent Location Current Location Shelving location Date acquired Full call number Barcode Date last seen Price effective from Koha item type Public note
          College of Electrical & Mechanical Engineering (CEME) College of Electrical & Mechanical Engineering (CEME) General Stacks 07/05/2017 604.2 MIL'N CEME-6341 06/28/2021 06/28/2021 Book 3.8
© 2023 Central Library, National University of Sciences and Technology. All Rights Reserved.